The Usborne book of wild places : (Record no. 8935)

MARC details
000 -LEADER
fixed length control field 00960nam a22002417a 4500
001 - CONTROL NUMBER
control field 8935
003 - CONTROL NUMBER IDENTIFIER
control field FISKH
005 - DATE AND TIME OF LATEST TRANSACTION
control field 20251211084811.0
008 - FIXED-LENGTH DATA ELEMENTS--GENERAL INFORMATION
fixed length control field 251110b cb ||||| |||| 00| 0 eng d
020 ## - INTERNATIONAL STANDARD BOOK NUMBER
International Standard Book Number 9780746007983
040 ## - CATALOGING SOURCE
Original cataloging agency FISKH
Language of cataloging eng
Transcribing agency FISKH
Modifying agency FISKH
050 ## - LIBRARY OF CONGRESS CALL NUMBER
Classification number GB58
082 ## - DEWEY DECIMAL CLASSIFICATION NUMBER
Classification number 363
100 ## - MAIN ENTRY--PERSONAL NAME
Personal name Wilkes, Angela
245 ## - TITLE STATEMENT
Title The Usborne book of wild places :
Remainder of title Mountains, jungles & deserts /
Statement of responsibility, etc. Angela Wilkes ; Illustrated by Peter Dennis
250 ## - EDITION STATEMENT
Edition statement This edition published in 1990
260 ## - PUBLICATION, DISTRIBUTION, ETC.
Place of publication, distribution, etc. London :
Name of publisher, distributor, etc. Usborne Publishing,
Date of publication, distribution, etc. 1980
300 ## - PHYSICAL DESCRIPTION
Extent 32 pages :
Other physical details color illustrations ;
Dimensions 21 cm
520 ## - SUMMARY, ETC.
Summary, etc. "This colourful book explores the exciting worlds of mountains, jungles and deserts, their dramatic landscapes, the animals and plants that inhabit them and the people who live in the most beautiful and remote areas of the earth."--<br/>
650 ## - SUBJECT ADDED ENTRY--TOPICAL TERM
Topical term or geographic name entry element Geography
Form subdivision Mountains
General subdivision Habitats
Chronological subdivision Science
942 ## - ADDED ENTRY ELEMENTS (KOHA)
Source of classification or shelving scheme Dewey Decimal Classification
Koha item type Books
Suppress in OPAC No
Holdings
Withdrawn status Lost status Source of classification or shelving scheme Damaged status Not for loan Collection Home library Current library Shelving location Date acquired Total Checkouts Full call number Barcode Date last seen Copy number Price effective from Koha item type
    Dewey Decimal Classification     Non-Fiction Footprints International School Library Network Toul Tom Poung Campus Footprints International School Library Network Toul Tom Poung Campus TTP Secondary Non-Fiction Bookshelves 11/10/2025   WIL 363 GB58 FISBK07140 11/10/2025 1 11/10/2025 Books